01870 2200289 4500001002100000005001500021035002000036008004100056020001800097041000800115082001300123084001700136100002600153245012500179260005300304300003600357500002600393520092000419650006001339650002501399990002601424990002601450990002601476990002601502990002601528990002601554INLIS00000000000319020221111102211 a0010-0520003190221111 | | eng  a9781576753958 aeng a364.1323 a364.1323 GAM0 aGame as Old as Empire12aGame as Old as Empire :bThe Secret World of Economic Hit Men and The Web of Global Corruption /cEdited by Steven Hiatt aSan Francisco :bBerret Koehler Publisher,c2007 aix, 310 p. :b: Illus. ;c25 cm aIndeks : p. 303 - 310 aThis book exposes many more shocking secrets of a worldwide web of control, corruption, and plunder. It tells how multinational corporations, governments, powerful individuals, banks, other financial institutions, and quasi-governmental agencies operate to enrich small elite and corporate coffers while often impoverishing masses of people and creating debt and dependency that economically enslave countries for generations. This book provides the first full inside look at how this dark and dirty world functions. It shows that the economic hit man game and the web of global corruption are far more widespread, pervasive, and destructive than Perkins described in Confessions. It reveals the deep and dark connections between this economic hit man game and the domination of global empire. Each chapter focuses on a particular case, detailing the methods used to deceive, steal, corrupt, and enforce compliance. 4aInternational Business Enterprises -- Corrupt Practices 4aPolitical Corruption a11415/MKRI-P/XII-2008 a11416/MKRI-P/XII-2008 a11416/MKRI-P/XII-2008 a11415/MKRI-P/XII-2008 a11415/MKRI-P/XII-2008 a11416/MKRI-P/XII-2008